| 000 | 01616nam a2200517 i 4500 | ||
|---|---|---|---|
| 001 | 5702 | ||
| 003 | KOSZ 005 | ||
| 005 | 20190809133536.0 | ||
| 008 | 970510s1992 pl a f f |000 0 pol | ||
| 015 | _aPB 1993/1033 | ||
| 020 | _a8370850359 | ||
| 035 | _a991000825509705066 | ||
| 035 | _a(PL-WaBN)b10258486-48omnis_nlop | ||
| 035 | _ab10258486 | ||
| 035 | _a(OCoLC)834053087 | ||
| 035 | _a(PL)b0000001025848 | ||
| 035 | _a(EXLNZ-48OMNIS_NETWORK)9910448119805606 | ||
| 040 |
_aWA N _cWA N _dKOSZ 005/EG |
||
| 041 | _apol | ||
| 046 | _k1986 | ||
| 080 | _a548/549 | ||
| 080 | _a552 | ||
| 080 | _a(075.8) | ||
| 100 | 1 |
_aBereś, Bogusław _eAutor |
|
| 245 | 1 | 0 |
_aZarys mineralogii i petrografii / _cBogusław Bereś ; Politechnika Wrocławska. |
| 250 | _aWyd. 2. | ||
| 260 |
_aWrocław : _bWydaw. PW, _c1992. |
||
| 300 |
_a200 s. : _brys., wykr. ; _c24 cm. |
||
| 336 |
_2rdacontent _aTekst _btxt |
||
| 337 |
_2rdamedia _aBez urządzenia pośredniczącego _bn |
||
| 338 |
_2rdacarrier _aWolumin _bnc |
||
| 380 | _aKsiążki | ||
| 380 | _aPublikacje dydaktyczne | ||
| 385 |
_mPoziom nauczania _aSzkoły wyższe |
||
| 388 | _a1901-2000 | ||
| 388 | _a1989-2000 | ||
| 504 | _aBibliogr. s. 196. | ||
| 650 | 7 |
_aMineralogia _2DBN |
|
| 650 | 7 |
_aPetrografia _2DBN |
|
| 655 | 7 |
_aPodręczniki akademickie _2DBN |
|
| 658 | _aGeografia i nauki o Ziemi | ||
| 710 | 2 | _aWydawnictwo Politechniki Wrocławskiej | |
| 856 |
_uhttp://koha.tu.koszalin.pl/cgi-bin/koha/opac-detail.pl?biblionumber=5702 _yKatalog online BPK |
||
| 942 |
_2UKD _cKS |
||
| 999 |
_c5702 _d5702 |
||